El burrito tragacuentos (Registro nro. 36837)
[ vista simple ]
| 000 -CABECERA | |
|---|---|
| Longitud fija campo de control | 00836nam a22002537b 4500 |
| 003 - • IDENTIFICADOR DELl NÚMERO DE CONTROL | |
| Identificador del número de control | CO-ViMGA |
| 005 - • FECHA Y HORA DE LA ÚLTIMA TRANSACCIÓN | |
| Fecha y hora de la última transacción | 20230915233553.0 |
| 008 - • CÓDIGOS DE INFORMACIÓN DE LONGITUD FIJA | |
| Códigos de información de longitud fija | 060721s2006 sp | ||| ||spa |
| 020 ## - • NÚMERO INTERNACIONAL NORMALIZADO PARA LIBROS | |
| Número Internacional Normalizado para Libros (ISBN) | 8420551708 |
| 020 ## - • NÚMERO INTERNACIONAL NORMALIZADO PARA LIBROS | |
| Número Internacional Normalizado para Libros (ISBN) | 9788420551708 |
| 040 ## - FUENTE DE LA CATALOGACIÓN | |
| Centro catalogador de origen | CO-ViMGA |
| Lengua de catalogación | spa |
| Centro transcriptor | CO-ViMGA |
| 082 04 - • NÚMERO DE LA CLASIFICACIÓN DECIMAL DEWEY | |
| Número de clasificación (R) | I 863 |
| Número del ítem | V719b |
| 100 1# - • PUNTO DE ACCESO PRINCIPAL-NOMBRE DE PERSONA | |
| Nombre de persona | Villar Liebana, Luisa |
| Fechas asociadas al nombre | 1950- |
| 245 13 - • TITULO PROPIAMENTE DICHO | |
| Título | El burrito tragacuentos |
| Medio | [Texto impreso] |
| Mención de responsabilidad, etc. | Luisa Villar Liebana ; ilustraciones de Cristina Minguillon |
| 300 ## - • DESCRIPCIÓN FÍSICA | |
| Extensión | 46 p. |
| Otras características físicas | il. col. |
| Dimensiones | 20 cm |
| 490 ## - • MENCIÓN DE SERIE | |
| Mención de serie | Pearson Alhambra; |
| Designación de volumen o secuencia | 43 |
| 500 ## - • NOTA GENERAL | |
| Nota general | Recomendado a partir de 6 años |
| 650 14 - • PUNTO DE ACCESO ADICIONAL DE MATERIA - TÉRMINO DE MATERIA | |
| Término de materia o nombre geográfico como elemento inicial | Cuentos infantiles españoles |
| 650 14 - • PUNTO DE ACCESO ADICIONAL DE MATERIA - TÉRMINO DE MATERIA | |
| Término de materia o nombre geográfico como elemento inicial | Literatura infantil española |
| 700 1# - • PUNTO DE ACCESO ADICIONAL - NOMBRE DE PERSONA | |
| Nombre de persona | Minguilln̤, Cristina |
| Fechas asociadas al nombre | 1959- |
| 942 ## - ENTRADA DE ELEMENTOS AGREGADOS (KOHA) | |
| Fuente de clasificaión o esquema | Dewey Decimal Classification |
| Koha [por defecto] tipo de item | LIbro |
| Perdido | Fuente de clasificación o esquema | Estado Físico | No para préstamo | Forma de adquisición | Localización permanente | Localización actual | Fecha adquisición | Préstamos totales | Signatura completa | Código de barras | Fecha última consulta | Fecha último préstamo | Fecha del precio de reemplazo | Tipo de item de Koha | Localización en estanterías | Número de copia | Note pública |
|---|---|---|---|---|---|---|---|---|---|---|---|---|---|---|---|---|---|
| Colección Sala Infantil de Literatura Pocatil y Tilín | Biblioteca Pública Departamental Eduardo Carranza - Villavicencio | Biblioteca Pública Departamental Eduardo Carranza - Villavicencio | 11/27/2006 | C VIL6bu | ECA943 | 11/26/2024 | 11/26/2024 | LIbro | Sala Infantil | Ej.1 | 2870 | 3980 | ||||||
| Dewey Decimal Classification | Sala General Segundo Piso | Biblioteca Pública Germán Arciniegas - Villavicencio | Biblioteca Pública Germán Arciniegas - Villavicencio | 09/04/2017 | 1 | I 863 V719b | 32313 | 07/12/2018 | 05/29/2018 | 09/04/2017 | LIbro |